| 000 | 00485nam a22001817a 4500 | ||
|---|---|---|---|
| 999 |
_c120571 _d120571 |
||
| 005 | 20201204112704.0 | ||
| 008 | 201204b ||||| |||| 00| 0 eng d | ||
| 020 | _a9781260092844 | ||
| 040 | _cPK-LaUMT | ||
| 082 |
_a612 _bFOX-H |
||
| 100 | _aFox, Stuart Ira | ||
| 245 |
_aHuman physiology / _cby Stuart Ira Fox and Krista Rompolski |
||
| 250 | _a15th ed. | ||
| 260 |
_aNew York : _bMcGraw-Hill Education, _c2019 |
||
| 300 | _a753 p. | ||
| 650 | _aHuman physiology | ||
| 942 | _cBK | ||